Statistiques concernant Entreprises vidéoludiques par images de consoles

Cliquez ici pour prendre le quiz!

Statistiques générales

  • Ce quiz a été pris 221 fois
  • Le résultat moyen est 5 sur 8

Statistiques - réponses

Réponse% Correct
Sony
98%
Atari
95%
Nintendo
94%
Sega
91%
Microsoft
89%
SNK
26%
Coleco
15%
Bandai
11%

Distribution des résultats

Percentile par nombre de réponses

% des personnes avec chaque résultat

Votre développement - résultats

Vous n’avez pas pris ce quiz